Statistiques concernant Quiz Départements Grand Est

Cliquez ici pour prendre le quiz!

Statistiques générales

  • Ce quiz a été pris 45 fois
  • Le résultat moyen est 7 sur 10

Statistiques - réponses

QuestionRéponse% Correct
Dans quelle Cathédrale dans la Marne ont était sacré beaucoup de Rois de FranceReims
93%
Bataille de la première guerre mondiale ayant durée 10 Mois dans la MeuseVerdun
93%
Célèbre Place a Nancy en Meurthe-et-MoselleStanislas
90%
Animal emblématique des ArdennesSanglier
83%
Commune de naissance de Jeanne-d 'Arc dans les VosgesDomrémy-la-Pucelle
80%
Passerelle dans le Haut-Rhindes trois pays
66%
Créature Mythique de la Ville de Metz en MoselleGraoully
59%
Ville de la Haute-Marne ayant une équipe de Volley-Ball Champion de France en 2017Chaumont
44%
Plus grand lac artificielle de l'Aube et 3eme de FranceLe lac d’Orient
39%
Année du premier marché de noël de Strasbourg dans le Bas-Rhin1570
27%

Distribution des résultats

Percentile par nombre de réponses

% des personnes avec chaque résultat

Votre développement - résultats

Vous n’avez pas pris ce quiz